Gaming Quiz

Random Gaming or Video Games Quiz

Skylanders: Spyro's Adventure Quiz Stats

 Plays Quiz Updated Mar 15, 2020

Support Sporcle.
Go Orange.
Score 0/32 Timer 06:00
0 Plays Today
% Correct
Spyro
96.2%
Gill Grunt
76.7%
Trigger Happy
75.8%
Bash
73.6%
Wrecking Ball
72.8%
Eruptor
70.7%
Stealth Elf
69.9%
Zap
69.1%
Hex
68.8%
Double Trouble
68.6%
Voodood
68.5%
Chop Chop
67%
Drobot
65.5%
Terrafin
65.4%
Slam Bam
65.2%
Cynder
64.8%
% Correct
Prism Break
64.5%
Flame Slinger
64.3%
Dino - Rang
63.7%
Boomer
63.6%
Stump Smash
63.5%
Camo
63%
Sunburn
62.2%
Ignitor
62.2%
Sonic Boom
61.6%
Whirlwind
60.9%
Zook
60%
Wham Shell
59.2%
Ghost Roaster
58.6%
Lightning Rod
57%
Warnado
56.1%
Drill Sergeant
50.3%

You're not logged in!

Compare scores with friends on all Sporcle quizzes.
OR
Log In

From the Vault

Spanish Number Blitz

by jack1234567

It's as easy as 1, 2, 3... only it isn't in English.
Remove Ads.
Support Sporcle.
Get the best of Sporcle when you Go Orange. This ad-free experience offers more features, more stats, and more fun while also helping to support Sporcle. Thank you for becoming a member.

Show Comments

Extras

Top Quizzes Today


Score Distribution

Your Account Isn't Verified!

In order to create a playlist on Sporcle, you need to verify the email address you used during registration. Go to your Sporcle Settings to finish the process.

Report this User

Report this user for behavior that violates our Community Guidelines.

Details: